Soviet communism:a new civilisation (Record no. 421807)

000 -LEADER
fixed length control field 00640cam a22001937a 4500
008 - FIXED-LENGTH DATA ELEMENTS--GENERAL INFORMATION
fixed length control field 180718b1935 xxu||||| |||| 00| 0 eng d
082 ## - DEWEY DECIMAL CLASSIFICATION NUMBER
Classification number B5x47 W384
100 ## - MAIN ENTRY--PERSONAL NAME
Personal name Sidney
245 ## - TITLE STATEMENT
Title Soviet communism:a new civilisation
Statement of responsibility, etc. by Sidney and Beatrice Webb
250 ## - EDITION STATEMENT
Edition statement 3rd
260 ## - PUBLICATION, DISTRIBUTION, ETC.
Place of publication, distribution, etc. London
Name of publisher, distributor, etc. Longmans
Date of publication, distribution, etc. 1935
300 ## - PHYSICAL DESCRIPTION
Extent lii, 1007p
650 ## - SUBJECT ADDED ENTRY--TOPICAL TERM
Topical term or geographic name entry element Soviet Union --Social conditions.
650 ## - SUBJECT ADDED ENTRY--TOPICAL TERM
Topical term or geographic name entry element Soviet Union --Administrative and political divisions
650 ## - SUBJECT ADDED ENTRY--TOPICAL TERM
Topical term or geographic name entry element Soviet Union --Politics and government --1917-1936
650 ## - SUBJECT ADDED ENTRY--TOPICAL TERM
Topical term or geographic name entry element Communism --Soviet Union
650 ## - SUBJECT ADDED ENTRY--TOPICAL TERM
Topical term or geographic name entry element Russia (1923- U.S.S.R.).x Constitution
700 ## - ADDED ENTRY--PERSONAL NAME
Personal name Webb, Beatrice
Holdings
Withdrawn status Lost status Damaged status Not for loan Permanent Location Current Location Date acquired Full call number Barcode Date last seen Price effective from Koha item type
        Indian Institute of Public Administration Indian Institute of Public Administration 2009-08-06 B5x47 W384 587 2018-07-21 2018-07-21 Book

Powered by Koha